| 000 | 00564nam a2200205Ia 4500 | ||
|---|---|---|---|
| 003 | OSt | ||
| 005 | 20230511115156.0 | ||
| 008 | 210423s1982 xx 000 0 und d | ||
| 040 | _cAL | ||
| 041 | _aeng | ||
| 082 |
_a307.72 _223 _bETII |
||
| 100 |
_aETIENNE (Gilbert) _9102887 |
||
| 245 | _aIndias changing rural seene 1963-1979 | ||
| 260 |
_aOxford _bOxford University Press _c1982 |
||
| 365 |
_b90 _cINR |
||
| 650 |
_aRural Communities _9102888 |
||
| 650 |
_aSociology _9102889 |
||
| 906 | _a1963-1979 ; changing ; Indias ; rural ; seene | ||
| 942 |
_2ddc _cBK |
||
| 999 |
_c171954 _d171954 |
||